Poems / (Record no. 166128)
[ view plain ]
| 000 -LEADER | |
|---|---|
| campo de control de longitud fija | 00909nam a22002535i 4500 |
| 001 - NÚMERO DE CONTROL | |
| campo de control | 166128 |
| 003 - IDENTIFICADOR DE NÚMERO DE CONTROL | |
| campo de control | ES-MaACL |
| 005 - FECHA Y HORA DE LA ÚLTIMA TRANSACCIÓN | |
| campo de control | 20260306063017.0 |
| 008 - DATOS DE LONGITUD FIJA--INFORMACIÓN GENERAL | |
| campo de control de longitud fija | 050908s1860 gw | |||||||| ||eng d |
| 040 ## - FUENTE DE CATALOGACIÓN | |
| Centro catalogador/agencia de origen | CAM |
| Lengua de catalogación | spa |
| Centro/agencia transcriptor | CAM |
| 100 1# - ENTRADA PRINCIPAL--NOMBRE DE PERSONA | |
| Nombre de persona | Tennyson, Alfred Tennyson, |
| Títulos y otros términos asociados al nombre | Baron, |
| Fechas asociadas al nombre | 1809-1892 |
| 9 (RLIN) | 162209 |
| 245 10 - MENCIÓN DEL TÍTULO | |
| Título | Poems / |
| Mención de responsabilidad, etc. | Alfred Tennyson. |
| 260 ## - PUBLICACIÓN, DISTRIBUCIÓN, ETC. | |
| Lugar de publicación, distribución, etc. | Leipzig : |
| Nombre del editor, distribuidor, etc. | Bernhard Tauchnitz, |
| Fecha de publicación, distribución, etc. | 1860. |
| 300 ## - DESCRIPCIÓN FÍSICA | |
| Extensión | 2 v. (268 ; 234 p.) ; |
| Dimensiones | 16 cm. |
| 490 1# - MENCIÓN DE SERIE | |
| Mención de serie | Collection of british authors ; |
| Designación de volumen o secuencia | 503 ; 504 |
| 490 1# - MENCIÓN DE SERIE | |
| Mención de serie | The poetical works of Alfred Tennyson ; |
| Designación de volumen o secuencia | 3 ; 4 |
| 650 #4 - PUNTO DE ACCESO ADICIONAL DE MATERIA--TÉRMINO DE MATERIA | |
| 9 (RLIN) | 16190 |
| Término de materia o nombre geográfico como elemento de entrada | Poesía inglesa- |
| Subdivisión cronológica | S.XIX |
| 700 1# - ENTRADA AGREGADA--NOMBRE PERSONAL | |
| Nombre de persona | Tauchnitz, Alfred, |
| 9 (RLIN) | 133144 |
| 830 0# - PUNTO DE ACCESO ADICIONAL DE SERIE-TÍTULO UNIFORME | |
| Título uniforme | Collection of british authors ; |
| Designación de volumen o secuencia | 503 ; 504 |
| 9 (RLIN) | 180703 |
| 830 0# - PUNTO DE ACCESO ADICIONAL DE SERIE-TÍTULO UNIFORME | |
| Título uniforme | The poetical works of Alfred Tennyson ; |
| Designación de volumen o secuencia | 3 ; 4 |
| 9 (RLIN) | 188594 |
| 852 ## - LOCALIZACIÓN | |
| Ubicación | ES-MaACL |
| Número de control de estantería | G-12844(3) y G- 12845(1) |
| Nota libre | -- Enc. hol. |
| 942 ## - ELEMENTOS DE ENTRADA SECUNDARIOS (KOHA) | |
| Fuente del sistema de clasificación o colocación | Clasificación decimal universal |
| Estatus retirado | Estado de pérdida | Estado de daño | No para préstamo | Colección | Biblioteca de origen | Biblioteca actual | Ubicación en estantería | Fecha de adquisición | Fuente de adquisición | Total de préstamos | Signatura topográfica completa | Código de barras | Visto por última vez | Precio de reemplazo | Tipo de ítem Koha |
|---|---|---|---|---|---|---|---|---|---|---|---|---|---|---|---|
| Libros del s. XIX | Biblioteca del Ateneo de Madrid | Biblioteca del Ateneo de Madrid | Sala Pecera Planta 3 | 17/01/2008 | G-12844(3) y G- 12845(1) | 1174224 | 23/02/2023 | 23/02/2023 | Libro impreso antiguo |
